Administrative law / (Record no. 5)

MARC details
000 -LEADER
fixed length control field 00791cam a2200277 a 4500
005 - DATE AND TIME OF INPUT
control field 20230916134737.0
008 - DATA ELEMENTS--GENERAL INFORMATION
fixed length control field 150903s2013 sa b 001 0 eng d
020 ## - INTERNATIONAL STANDARD BOOK NUMBER
International Standard Book Number 9780409053067
020 ## - INTERNATIONAL STANDARD BOOK NUMBER
International Standard Book Number 0409053066
082 04 - SHELF NUMBER
DDC number 342.6802
100 1# - MAIN AUTHOR
Main author's name Burns, Yvonne.
245 10 - TITLE STATEMENT
Title Administrative law /
Statement of responsibility, etc. by Yvonne Burns.
250 ## - EDITION STATEMENT
Edition statement 4th ed.
260 ## - PUBLICATION, DISTRIBUTION, ETC.
Place of publication, distribution, etc. Durban :
Name of publisher, distributor, etc. LexisNexis,
Date of publication, distribution, etc. 2013.
300 ## - PHYSICAL DESCRIPTION
Dimensions 23 cm
500 ## - GENERAL NOTE
General note Previously titled Administrative law under the 1996 Constitution, 2006.
650 #0 - SUBJECT`
Broad subject Administrative law.
650 #0 - SUBJECT`
Broad subject Administrative law
650 #0 - SUBJECT`
Broad subject Constitutional law
650 #0 - SUBJECT`
Broad subject Judicial review of administrative acts
650 #7 - SUBJECT`
Broad subject Administrative law.
651 #7 - PLACE NAME AS SUBJECT
Place name as subject South Africa.
700 1# - OTHER AUTHORS
Other authors' name Burns, Yvonne
942 ## - ADDED ENTRY ELEMENTS (KOHA)
Item type Books
942 ## - ADDED ENTRY ELEMENTS (KOHA)
-- EMILLIE
Holdings
Source of classification or shelving scheme Not for loan Home library Current library Shelving location Date acquired Source of acquisition Full call number Barcode Price effective from Koha item type
Dewey Decimal Classification   LAW SOCIETY OF NAMIBIA LIBRARY - WINDHOEK LAW SOCIETY OF NAMIBIA LIBRARY - WINDHOEK Constitutional and administrative law 09/16/2023 Purchase 342 BUR LSN/2015/4 09/16/2023 Books